| 000 | 00727cam a22002413a 4500 | ||
|---|---|---|---|
| 001 | 27305 | ||
| 003 | PGUSA | ||
| 005 | 20140828083605.0 | ||
| 008 | 081121s2008||||xxu|||||s|||||000 | eng d | ||
| 040 |
_aPGUSA _beng |
||
| 042 | _adc | ||
| 050 | 4 | _aHT | |
| 100 | 1 |
_aPlunkett, Horace Curzon, _cSir, _d1854-1932 |
|
| 245 | 1 | 4 |
_aThe Rural Life Problem of the United States : _bNotes of an Irish Observer _h[electronic resource] / _cHorace Curzon, Plunkett |
| 260 |
_bProject Gutenberg, _c2008 |
||
| 506 | _aPublic domain in the USA. | ||
| 516 | _aElectronic text | ||
| 653 | _aFarm life | ||
| 653 | _aNatural resources | ||
| 830 | 0 |
_aProject Gutenberg _v27305 |
|
| 856 | 4 | 0 | _uhttp://www.gutenberg.org/ebooks/27305 |
| 942 | _cEB | ||
| 999 |
_c256560 _d256560 |
||